On This Day: April 5th II Quiz Stats

 Plays Quiz Updated Apr 5, 2018

Score 0/7 Timer 03:00
0 Plays Today
Question Answer Wrong Answers
US President George Washington exercises his authority to ______ a bill, the first time this power is used in the United States.
1792
Veto
92.3%
Sign
3.5%
Amend
3.7%
Shred
0.4%
The communist movement Janatha Vimukthi Peramuna launches a revolt against the government of Sirimavo Bandaranaike in this country, at the time called Ceylon.
1971
Sri Lanka
74.5%
India
3.5%
Bhutan
6.5%
Myanmar
10.8%
The Akashi Kaiky┼Ź Bridge, which has the longest central span of any suspension bridge in the world, opens to traffic in this country.
1998
Japan
68.7%
Philippines
7.7%
China
11.4%
South Korea
6.9%
The first international ______ league match is played between England and an Other Nationalities team (Welsh & Scottish players) in Central Park, Wigan, England.
1904
Rugby
56.9%
Soccer
36.3%
Basketball
1.1%
Golf
2%
US President Franklin D. Roosevelt issues an executive order which would establish this popular New Deal program, a public work relief program for unemployed, unmarried men.
1933
Civilian Conservation Corps
51.3%
Tennessee Valley Authority
18.4%
National Recovery Administration
21.1%
Farm Security Administration
5.1%
A border dispute over the coastal Bolivian territory of the Atacama Desert leads this country to declare war on Bolivia and Peru, starting the War of the Pacific.
1879
Chile
51%
Argentina
17.7%
Brazil
12.6%
Colombia
15.5%
This American rapper and producer, lead vocalist and drummer of the rock and hip hop band N*E*R*D, is born.
1973
Pharrell Williams
50.3%
Kanye West
20.4%
Bruno Mars
7.3%
Drake
17%

You're not logged in!

Compare scores with friends on all Sporcle quizzes.
OR
Log In

Sporcle TV

Today on Sporcle TV


Watch our educational content, quiz creation guides, and fun videos on Sporcle TV.

Show Comments

Extras

Top Quizzes Today


Score Distribution

Your Account Isn't Verified!

In order to create a playlist on Sporcle, you need to verify the email address you used during registration. Go to your Sporcle Settings to finish the process.

Report this User

Report this user for behavior that violates our Community Guidelines.

Details: